Statistics for Countries Bill Clinton has visited

Click here to take the quiz!

General Stats

  • This quiz has been taken 65 times
  • The average score is 56 of 70

Answer Stats

Continent Country % Correct
South AmericaArgentina
96%
EuropeUnited Kingdom
96%
AsiaJapan
96%
OceaniaAustralia
96%
North AmericaMexico
96%
AsiaChina
96%
EuropeItaly
94%
Asia/ EuropeTurkey
94%
EuropeSpain
94%
South AmericaBrazil
94%
Asia/ EuropeRussia
94%
North AmericaCanada
94%
EuropeDenmark
92%
EuropeFrance
92%
AsiaIndia
92%
South AmericaColumbia
92%
EuropeIreland
90%
OceaniaNew Zealand
90%
EuropeFinland
90%
South AmericaChile
90%
EuropeGermany
90%
EuropePortugal
90%
AsiaIsrael
90%
EuropePoland
90%
AfricaEgypt
88%
AsiaSouth Korea
88%
EuropeNorway
86%
AfricaNigeria
86%
EuropeSwitzerland
86%
EuropeUkraine
86%
AsiaVietnam
86%
AsiaIndonesia
84%
North AmericaGuatemala
84%
EuropeBelgium
84%
EuropeBosnia and Herzegovina
84%
Europethe Netherlands
84%
EuropeCroatia
84%
AfricaSouth Africa
82%
North AmericaCosta Rica
82%
AfricaMorocco
82%
EuropeCzech Republic
80%
North AmericaHonduras
80%
EuropeHungary
80%
North AmericaNicaragua
80%
EuropeVatican City
78%
Asiathe Philippines
78%
North AmericaHaiti
78%
AsiaJordan
76%
EuropeRomania
76%
EuropeLatvia
76%
EuropeKosovo
74%
AsiaPakistan
74%
EuropeBelarus
74%
AsiaThailand
74%
North AmericaEl Salvador
72%
EuropeBulgaria
72%
AsiaSyria
70%
AsiaKuwait
70%
EuropeSlovenia
70%
AsiaOman
68%
EuropeMacedonia
68%
North AmericaBarbados
68%
AsiaBrunei
64%
AfricaGhana
64%
AfricaUganda
62%
AfricaBotswana
54%
AfricaRwanda
52%
AsiaBangladesh
48%
AfricaSenegal
46%
AsiaPalestine
20%

Score Distribution

Percentile by Number Answered

Percent of People with Each Score

Your Score History

You have not taken this quiz